Der neue weg (Record no. 6106)

MARC details
000 -BAŞLIK
Sabit Uzunlukta Kontrol Alanı 01009na a2200277 4500
001 - KONTROL NUMARASI
Denetim Alanı 16428
003 - KONTROL NUMARASI IDENTIFIER
Denetim Alanı MIRAKIL
005 - SON İŞLEM TARİHİ VE ZAMANI
Denetim Alanı 20181213155056.0
008 - SABİT-BOY VERİ ELEMANLARI - GENEL BİLGİLER
Sabit Uzunlukta Kontrol Alanı 161006b tu 000 0
035 ## - SİSTEM KONTROL NUMARASI
Sistem Kontrol Numarası 16428
040 ## - KATALOGLAMA KAYNAK
Orijinal Kataloglama Ajansı Milas
Kataloglama Dili tur
Metne Dönüştürmek Ajansı TR-AnCHP
041 ## - DİL KODU
Metin / Ses Parça Veya Ayrı Başlığın Dil Kodu ger
082 ## - DEWEY ONLU SINIFLANDIRMA NUMARASI
Sınıflandırma Numarası 324.243072
Ürün Numarası S62d 1990
090 ## - SINIFLAMA NUMARASI
Sınıflama Numarası 324.243072 S62d 1990
110 ## - ANA GİRİŞ - KURUMSAL ADI
Giriş Elemanı Olarak Kurumsal Ad Veya Yargı Alanı Adı Almanya Sosyal Demokrat Partisi (SPD)
245 ## - BAŞLIK TABLOSU
Başlık Der neue weg
Başlığın Kalan ökologisch, sozial, wirtschaftlich stark
Sorumluluk Tablosu, Vb Almanya Sosyal Demokrat Partisi (SPD)
246 ## - UNVAN FORM VARYING
Başlık Doğru / Kısa Başlığı regierungsprogramm 1990-1994
246 ## - UNVAN FORM VARYING
Başlık Doğru / Kısa Başlığı ökologisch, sozial, wirtschaftlich stark
260 ## - YAYIN, DAĞITIM, VB
Yayın, Dağıtım, Vb Yeri Berlin
Yayıncı, Dağıtıcı, Vs Adı Almanya Sosyal Demokrat Partisi (SPD)
Yayın, Dağıtım, Vb Tarihi 1990
500 ## - GENEL NOT
Genel Not Eser adı başında: regierungsprogramm 1990-1994
650 ## - KONU KATMA GİRİŞ - TOPİKAL DÖNEM
Topikal Süreli Veya Coğrafi Ad Giriş Elemanı Almanya Sosyal Demokrat Partisi (SPD)
Genel Alt Bölümü Parti programları
Kronolojik Alt Bölümü 1990-1994
651 ## - KONU KATMA GİRİŞ - COĞRAFİ ADI
Coğrafi İsim Almanya
Genel Alt Bölümü Ekonomik güç
Kronolojik Alt Bölümü 1990-1994
651 ## - KONU KATMA GİRİŞ - COĞRAFİ ADI
Coğrafi İsim Almanya
Genel Alt Bölümü Sosyal güç
Kronolojik Alt Bölümü 1990-1994
651 ## - KONU KATMA GİRİŞ - COĞRAFİ ADI
Coğrafi İsim Almanya
Genel Alt Bölümü Sosyal demokrat partiler
Kronolojik Alt Bölümü Parti programları
942 ## - EKLENDİ GİRİŞ ELEMANLARI (KOHA)
Sınıflandırma Veya Raf Düzeni Kaynak Dewey Decimal Classification
Koha Öğesi Türü Books
999 ## - SİSTEM KONTROL NUMARALARI (KOHA)
Koha Biblionumber 6106
Koha Biblioitemnumber 6106
Holdings
Kalıcı Konum Mevcut Konum Edinme Tarihi Edinim Kaynak Toplam Check-Out'Lar Tam Çağrı Numarası Barkod Tarih Son Görülme İtibaren Geçerli Fiyatlar Koha Öğesi Türü Kopya Sayısı
CHP Kütüphanesi CHP Kütüphanesi 10/06/2016 Bağış   324.243072 S62d 1990 005235 10/06/2016 10/06/2016 Books  
CHP Kütüphanesi CHP Kütüphanesi 10/06/2016 Bağış   324.243072 S62d 1990 005236 10/06/2016 10/06/2016 Books k.2